Kansas as it is : a complete review of the resources, advantages and drawbacks of the great central state /

Bibliographic Details
Main Author: Burch, L. D. (Lawrence D.)
Format: Book
Language:English
Published: Chicago, Ill. : C.S. Burch, 1878.
Subjects:

MARC

Tag First Indicator Second Indicator Subfields
LEADER 00000cam a2200000 a 4500
001 in00000072806
005 20151008054631.0
008 790209s1878 iluab 00010 engm
010 |a rc 01000096  
035 |a (OCoLC)04636609 
035 |9 AAJ1227AM 
040 |a DLC  |c CLE  |d TXA  |d UtOrBLW 
043 |a n-us-ks 
049 |a TXAS  |c [1422207] 
050 0 |a F686  |b .B94 
092 |a 330.9781  |b B89k 
100 1 |a Burch, L. D.  |q (Lawrence D.) 
245 1 0 |a Kansas as it is :  |b a complete review of the resources, advantages and drawbacks of the great central state /  |c by L.D. Burch. 
264 1 |a Chicago, Ill. :  |b C.S. Burch,  |c 1878. 
300 |a 142 pages :  |b illustrations, map (folded) ;  |c 24 cm. 
336 |a text  |b txt  |2 rdacontent 
337 |a unmediated  |b n  |2 rdamedia 
338 |a volume  |b nc  |2 rdacarrier 
651 0 |a Kansas. 
999 |a MARS 
999 f f |s 0d2a8940-d711-307f-bc1c-7704528ed2cf  |i 57c71175-a8c3-3dfa-91c0-65c6c8a4c61b  |t 0 
952 f f |p noncirc  |a Texas A&M University  |b College Station  |c Cushing Memorial Library & Archives  |d Cushing: Dykes (Does not check out)  |t 0  |e F686 .B94  |h Library of Congress classification  |i unmediated -- volume  |m A14851724576 
998 f f |a F686 .B94  |t 0  |l Cushing: Dykes (Does not check out)